<?xml version="1.0" encoding="UTF-8"?>
<record
    xmlns:xsi="http://www.w3.org/2001/XMLSchema-instance"
    xsi:schemaLocation="http://www.loc.gov/MARC21/slim http://www.loc.gov/standards/marcxml/schema/MARC21slim.xsd"
    xmlns="http://www.loc.gov/MARC21/slim">

  <leader>00524nam a22001457a 4500</leader>
  <datafield tag="999" ind1=" " ind2=" ">
    <subfield code="c">128222</subfield>
    <subfield code="d">128222</subfield>
  </datafield>
  <controlfield tag="005">20220905120150.0</controlfield>
  <controlfield tag="008">220905b           ||||| |||| 00| 0 eng d</controlfield>
  <datafield tag="040" ind1=" " ind2=" ">
    <subfield code="c">PK-LaUMT</subfield>
  </datafield>
  <datafield tag="082" ind1=" " ind2=" ">
    <subfield code="a">APC 297.4092</subfield>
    <subfield code="b">ABD-M</subfield>
  </datafield>
  <datafield tag="100" ind1=" " ind2=" ">
    <subfield code="a">Abdul Baqi bin Jan Muhammad = &#x639;&#x628;&#x62F;&#x627;&#x644;&#x628;&#x627;&#x642;&#x6CC; &#x628;&#x646; &#x62C;&#x627;&#x646; &#x645;&#x62D;&#x645;&#x62F;</subfield>
  </datafield>
  <datafield tag="245" ind1=" " ind2=" ">
    <subfield code="a">Maqamaat i Daudi =  &#x645;&#x642;&#x627;&#x645;&#x627;&#x62A; &#x62F;&#x627;&#x626;&#x648;&#x62F;&#x6CC;  /</subfield>
    <subfield code="c">by Abdul Baqi bin Jan Muhammad = &#x639;&#x628;&#x62F;&#x627;&#x644;&#x628;&#x627;&#x642;&#x6CC; &#x628;&#x646; &#x62C;&#x627;&#x646; &#x645;&#x62D;&#x645;&#x62F;</subfield>
  </datafield>
  <datafield tag="260" ind1=" " ind2=" ">
    <subfield code="a">Renalakhurd :</subfield>
    <subfield code="b">Syed Muhammad Mohsin,</subfield>
    <subfield code="c">NA</subfield>
  </datafield>
  <datafield tag="300" ind1=" " ind2=" ">
    <subfield code="a">324 p.</subfield>
  </datafield>
  <datafield tag="942" ind1=" " ind2=" ">
    <subfield code="c">BK</subfield>
  </datafield>
  <datafield tag="952" ind1=" " ind2=" ">
    <subfield code="0">0</subfield>
    <subfield code="1">0</subfield>
    <subfield code="4">0</subfield>
    <subfield code="7">0</subfield>
    <subfield code="a">01</subfield>
    <subfield code="b">01</subfield>
    <subfield code="d">2022-09-05</subfield>
    <subfield code="l">0</subfield>
    <subfield code="o">APC 297.4092 ABD-M</subfield>
    <subfield code="p">143823</subfield>
    <subfield code="r">2022-09-05 00:00:00</subfield>
    <subfield code="w">2022-09-05</subfield>
    <subfield code="y">BK</subfield>
  </datafield>
</record>
